Mobile Robots : Navigation, Control and Remote Sensing

Salvato in:
Dettagli Bibliografici
Autore principale: Cook, Gerald (Autore)
Natura: Libro
Lingua:inglese
Pubblicazione: New Jersey : John Wiley & Sons, Inc., 2011
Soggetti:
Tags: Aggiungi Tag
Nessun Tag, puoi essere il primo ad aggiungerne!!

MARC

LEADER 00000nam a22000003a 4500
001 stu257519
005 20190206124636.9
008 121120s--------xxu-----------------eng-d
020 |a 978-0-470-63021-1 
040 |a STU  |b slo 
041 0 |a eng 
044 |a xxu 
080 |a 629.8 
100 1 |a Cook, Gerald  |4 aut 
245 1 |a Mobile Robots :  |b Navigation, Control and Remote Sensing 
260 |a New Jersey :  |b John Wiley & Sons, Inc.,  |c 2011 
300 |a 307 s 
650 7 |a mobilné roboty  |2 stusub 
996 |b 284EK89152  |c E*89152  |l EE23  |s P  |a 0  |w stu257519_0001